000 01217nam a22003017a 4500
005 20080929101452.0
008 080929t xxu||||| |||| 00| 0chin d
010 _aHIN-92157
020 _a8185000297
_c150.00
035 _aHN-64503
037 _bDBAD / PUB
040 _aDPL
_bHN
082 _a
100 _926640
_aसिन्हा, प्रतुल
245 _aक़स्बा सोनबरसा /
_cप्रतुल सिन्हा
246 _aKasba Sonbarsa
_bby Pratul Sinha
260 _aबीकानेर
_bकविता प्रकाशन
_c2009
270 _aतेलीवाडा़, बीकानेर
_bबीकानेर (ऱाजस्थान)
_k0151-2542037
300 _a111पृ.
_c22सेमी (सजिल्द)
650 _9697
_aहिन्दी कथा साहित्य
650 _926793
_aHindi Novel
650 _926674
650 _9698
700 _926643
710 _926662
942 _2ddc
_cHN
_h
_mसिन्हाप्र
999 _c51250
_d51250